000 01469nam a2200337 4500
003 EG-GICUC
005 20260121101526.0
008 251220s1952 ua ||||fr|||| 00| 0 ara d
040 _a EG-GICUC
_bara
_c EG-GICUC
_d EG-GICUC
_erda
041 0 _aara
082 0 4 _221
_a341.8
_bع ز . ق
092 0 4 _221
099 _aLaw1 12 341.8 ع ز . ق 2 ed - 1952
100 0 _aعز الدين عبد الله
_eمؤلف.
245 1 2 _aالقانون الدولي الخاص المصري :
_nالجزء الاول،
_p في الجنسية والموطن وتمتع الاجانب بالحقوق(مركز الاجانب) /
_cعز الدين عبد الله .
250 _aالطبعة الثانية
264 1 _aالقاهرة :
_bمكتبة النهضة المصرية،
_c1952.
300 _a544 ؛ صفحة
_c24 سم.
336 _2rda content
_atext
337 _2rda media
_aComputer
338 _2rda carrier
_aOnline Resource
504 _aيحتوي على اراجاعات ببليوجرافية
546 _aالنص أغلبه باللغة العربية مع بعض النصوص الفرنسية
650 1 4 _aالقانون الدولى الخاص
_zمصر
_2qrmak
650 1 4 _aالأجانب -- مركز قانوني -- قانون دولي
_2qrmak
650 1 _aالجنسية -- قانون دولي
_2qrmak
651 1 _2qrmak
856 4 0 _uhttps://fll.law.cu.edu.eg/fulltext/bks/B12-01654.pdf
905 _a75
_eYara
942 _2ddc
_n0
_cBK
_e21
999 _c51782
_d51782